Qu'est-ce-que mesure ces échelles ? - Statistiques

Statistiques générales
  • Ce quiz a été pris 161 fois
    151 depuis la dernière actualisation
  • Le résultat moyen est 3 sur 6
Statistiques - réponses
Hint Réponse % Correct
Echelle de Richter Force d'un séisme
94%
Echelle de Scoville Force du piment
83%
Echelle de Beaufort Force du vent
50%
Echelle d'Imamura Force d'un Tsunami
27%
Echelle de Saffir-Simpson Force d'un cyclone tropical ou "ouragan"
16%
Echelle de Bristol Répartition des selles humaines en sept types
12%
Aucun quiz correspondant
Distribution des résultats
% des personnes avec chaque résultat
Percentile par nombre de réponses
Votre historique - résultats
Vous n’avez pas pris ce quiz depuis la dernière actualisation